| 000 | 02742nam a2200349 i 4500 | ||
|---|---|---|---|
| 001 | 000002710 | ||
| 003 | DO-SdBNP | ||
| 005 | 20260217115014.0 | ||
| 007 | ta | ||
| 008 | 090703s2022 dr a 000 0 spa d | ||
| 020 | _a9789945511055 | ||
| 040 |
_aDO-SdBNP _bspa _cBNPHU _erda |
||
| 041 | _aspa | ||
| 082 | 4 |
_a305.42 _bM671d 2021 _222 |
|
| 111 | 1 |
_aConferencia de Estudios de Género _n(11a. : _d2021 : _cSanto Domingo, República Dominicana ) _983037 |
|
| 245 | 1 | 0 |
_aMiradas desencadenantes : _bconstrucción de conocimientos para la igualdad; la movilidad humana: una mirada de género a los desafíos y desigualdades en los nuevos contextos migratorios ; trata de personas, nacionalidad y refugio en República Dominicana. |
| 264 | 4 |
_aSanto Domingo : _bINTEC, _c©2022. |
|
| 300 |
_a263 paginas ; _c25 cm. |
||
| 336 |
_atexto _btxt _2rdacontent |
||
| 337 |
_asin mediación _bn _2rdamedia |
||
| 338 |
_avolumen _bnc _2rdacarrier |
||
| 490 | 0 |
_aColección Miradas desencadenantes _v6 |
|
| 500 | _aFue asignado cutter del titulo de la conferencia para reunir la colección en la estantería. | ||
| 505 | _aIntroducción. XL Conferencia Dominicana de Estudios de Género ''Construcción de Conocimientos para la igualdad'' 3 -- La problematización de las 'parturientas haitianas' y otras estrategias de control fronterizo 11 -- Persecución penal de mujeres por aborto y otros eventos obstétricos en la República Dominicana. Lila: criminalización por razones de género, raza y origen nacional 51 -- Retorno, Obra teatral de Kenia Liranzo, compuesta por los monólogos ''El retorno de Norma'' y ''La hora de la verdad''. Basada en historias reales de crímenes de la trata de personas 65 -- Políticas públicas de retorno y reinserción a la República Dominicana a favor de mujeres víctimas de trata de personas. 2014-2017 95 --Cuenta, Yova, cuenta: una mirada subjetiva de la trata de mujeres dominicanas 139 -- Género, migraciones internacionales y barreras sociolingüísticas 153 -- La trayectoria de Maha Mamo y su lucha por el derecho de pertenecer 175 -- Intervención psicoterapéutica grupal con mujeres migrantes: un estudio de caso 193 -- Movilidades femeninas: la presencia desafiante de las mujeres migrantes en la universidad brasileña 223 -- Entre la emergencia humanitaria y la emergenc | ||
| 590 | _aInventariado, 2023 / DG | ||
| 650 | 4 |
_aFeminismo _xInvestigaciones _xCongresos, conferencias, etc. _98556 |
|
| 650 | 4 |
_aMujeres en República Dominicana _xCongresos, conferencias, etc. _98557 |
|
| 650 | 4 |
_aDerechos de la mujer _zRepública Dominicana _xCongresos, conferencias, etc. _98558 |
|
| 710 | 2 |
_aInstituto Tecnológico de Santo Domingo _978911 |
|
| 910 | _aDG. Validado, 2023/MFF | ||
| 942 |
_2ddc _cLBS1 |
||
| 999 |
_c53483 _d53483 |
||